Statistics for Top 30 NBA 2018-19 Shooting Guards

Click here to take the quiz!

General Stats

  • This quiz has been taken 1,877 times
  • The average score is 17 of 30

Answer Stats

RankPlayerTeam% Correct
1James HardenRockets
100%
2Klay ThompsonWarriors
99%
7Bradley BealWizards
88%
9Devin BookerSuns
88%
6Donovan MitchellJazz
85%
8C.J. McCollumTrail Blazers
84%
10Jaylen BrownCeltics
84%
3Victor OladipoPacers
84%
5DeMar DeRozanSpurs
82%
4Jimmy Butler76ers
77%
11Gary HarrisNuggets
69%
18Zach LaVineBulls
66%
13Eric GordonRockets
63%
12Lou WilliamsClippers
59%
22JJ Redick76ers
57%
16Marcus SmartCeltics
56%
24Danny GreenRaptors
50%
29Malcolm BrogdonBucks
44%
30Luka DoncicMavericks
41%
27Dwyane WadeHeat
40%
20Kentavious Caldwell-PopeLakers
40%
21Andre RobersonThunder
38%
25Evan FournierMagic
36%
17Will BartonNuggets
34%
15Nicolas BatumHornets
33%
28Josh HartLakers
31%
19Avery BradleyClippers
27%
26Bogdan BogdanovicKings
25%
23Dion WaitersHeat
22%
14Tyreke EvansPacers
22%

Score Distribution

Percentile by Number Answered

Percent of People with Each Score

Your Score History

You have not taken this quiz